000 00984nam a2200229 a 4500
001 41095
003 BD-RjUL
005 20211209053329.0
008 160515s1989 ii ||||| |||| 00| p ben d
020 _c: IRs. 75.00
035 _a(BD-RjUL) 41211
040 _aBD-RjUL
_bben
_cBD-RjUL
041 _aben
082 _223
_a891.44109
_bMAA 1989
100 _aমাহাতা, বিনয়কুমার
_9126422
245 1 0 _aএলিঅট বিষ্ণু দে ও আধুনিক বাংলা কবিতা /
_cমাহাতা, বিনয়কুমার
260 _aকরিকাতা :
_bকলেজস্ট্রীট পাবলিকেশন প্রা. লি.,
_c১৯৮৯ (১৩৯৬)
300 _a৩৯১ পৃ. ;
_c২১ সেমি.
650 _aবাংলা কবিতা
_xইতিহাস ও সমালোচনা
_9126423
650 _aBengali Poetry
_xHistory and Criticism
_9126424
942 _2ddc
_cBK
999 _c41095
_d41095